| 000 | 02385 a2200361 4500 | ||
|---|---|---|---|
| 001 | 41336 | ||
| 005 | 20260407155707.0 | ||
| 008 | 260407a2008 arg spa d | ||
| 003 | AR-UNSa-BCEJYS | ||
| 040 |
_aAR-UNSa-BCEJYS _bspa _cAR-UNSa-BCEJYS |
||
| 080 |
_a336.22 _xImpuestos |
||
| 245 | 1 | 0 | _aRetenciones a las exportaciones |
| 264 | 1 |
_aBuenos Aires : _bLa Ley _c2008 |
|
| 300 |
_a103 p. _c24 cm. |
||
| 505 | _a1. Las retenciones desde el punto de vista macroeconómico / Eduardo Conesa - 2. Las retenciones a las exportaciones: un mal instrumento de política económica / Raúl E. Cuello - 3. El conflicto entre el campo y la ciudad: economía, política y credibilidad / Juan Carlos De Pablo - 4. Las retenciones sobre las exportaciones, equidad económica y el principio de la capacidad contributiva / Marcelo R. Lascano - 5. La patología constitucional de las retenciones /Gregorio Badeni - 6. Acerca de los derechos de exportación, sus fundamentos legales e implicancias / Mario J. Bibiloni - 7. Reflexiones en torno a los derechos de exportación, su legitimidad y razonabilidad / Juan Patricio Cotter - 8. Las instituciones de la República y las retenciones / Jorge H. Damarco - 9. Retenciones, federalismo, República y derechos fundamentales / María Angélica Gelli - 10. Constitución y derechos de exportación / Andrés Gil Domínguez - 11. Retenciones a las exportaciones de productos primarios y sus derivados / Santiago A. Saenz Valiente - 12. Las retenciones a la exportación y la violación de los principios de reserva de ley, igualdad, no confiscatoriedad y seguridad jurídica / Rodolfo R. Spisso - 13. Las retenciones al agro y las vías judiciales / Maximiliano Toricelli | ||
| 041 | _aspa | ||
| 942 | _cBK | ||
| 590 | _aniveau_biblio:m niveau_hierar:0 | ||
| 100 | 1 | _aBadeni, Gregorio | |
| 700 | 1 | _aLascano, Marcelo Ramón | |
| 700 | 1 | _aBibiloni, Mario J. | |
| 700 | 1 | _aConesa, Eduardo R. | |
| 700 | 1 | _aCotter, Juan Patricio | |
| 700 | 1 | _aCuello, Raúl E. | |
| 700 | 1 | _aDamarco, Jorge Héctor | |
| 700 | 1 | _aDe Pablo, Juan Carlos | |
| 700 | 1 | _aGelli, María Angélica | |
| 700 | 1 | _aGil Domínguez, Andrés | |
| 700 | 1 | _aSaenz Valiente, Santiago A. | |
| 700 | 1 | _aSpisso, Rodolfo Roque | |
| 700 | 1 | _aToricelli, Maximiliano | |
| 856 | 4 | 1 |
_uhttps://biblioeco.unsa.edu.ar/pmb/images/libros/E00035.jpg _yImagen de portada _qimage/jpeg |
| 999 |
_c3470 _d3470 |
||